| 000 | 00693nam a22002177a 4500 | ||
|---|---|---|---|
| 005 | 20240813153751.0 | ||
| 008 | 970904m19271929ii a 001 0aeng | ||
| 010 | _aENG-141178 | ||
| 020 |
_a9789393330680 _c995.00 |
||
| 035 | _aEN-124710 | ||
| 037 | _bDBAD | ||
| 040 | _aDPL | ||
| 082 | _a000 | ||
| 100 |
_akirmani SAS _969286 |
||
| 245 |
_aNTA CUET {UG}/ _cBy SAS Kirmani Kumar Supravin & Abdul Hameed P A |
||
| 260 |
_aHyderabad _bUniversities Press Private Limited _c2024 |
||
| 270 |
_a3-6-752/1/ A & 3-6-745/1 Himayatnagar, Hyderabad _bHyderabad _e500029 |
||
| 300 |
_a 10.20 Vp. _c26cm.(Pb) |
||
| 650 |
_aLeadership _969287 |
||
| 942 |
_2ddc _cEN _mKIR _h280.01 |
||
| 999 |
_c204813 _d204813 |
||